[Event "Qatar Masters Open 2015"]
[Site "Doha QAT"]
[Date "2015.12.20"]
[Round "1"]
[White "Harikrishna, P."]
[Black "Aravindh, Chithambaram Vr"]
[Result "1/2-1/2"]
[WhiteElo "2743"]
[BlackElo "2486"]
[PlyCount "107"]
[EventDate "2015.12.20"]

1. e4 c5 2. Nf3 Nc6 3. Nc3 e5 4. Bc4 Be7 5. d3 Nf6 6. Ng5 O-O 7. f4 exf4 8.
Bxf4 d5 9. exd5 Nd4 10. O-O b5 11. Nxb5 Nxb5 12. Bxb5 Nxd5 13. Ne4 Nxf4 14.
Rxf4 Kh8 15. Bc4 f5 16. Ng3 Rb8 17. Qf1 Bd6 18. Rf2 Rxb2 19. Nxf5 Bxf5 20. Rxf5
Bxh2+ 21. Kh1 Rxf5 22. Qxf5 Rb6 23. Be6 Bg3 24. Rf1 Qh4+ 25. Qh3 Qf4 26. Qf5
Qh6+ 27. Qh3 Qf4 28. Qf5 Qh4+ 29. Qh3 Qf4 30. Qf5 Qxf5 31. Bxf5 g6 32. Be4 Rb2
33. Bd5 Rxc2 34. Kg1 Kg7 35. Rf3 Rc1+ 36. Rf1 Rc3 37. Rf3 Rc1+ 38. Rf1 Rc3 39.
Rf3 Rc1+ 40. Rf1 Bh2+ 41. Kf2 Bg3+ 42. Ke2 Rxf1 43. Kxf1 Kf6 44. Ke2 Ke5 45.
Bg8 h5 46. Bf7 Kf6 47. Be8 Kf5 48. Bd7+ Ke5 49. Be8 Kf5 50. Bd7+ Kf4 51. Be8
Kf5 52. Bd7+ Ke5 53. Be8 Kf5 54. Bd7+ 1/2-1/2

[Event "Qatar Masters Open 2015"]
[Site "Doha QAT"]
[Date "2015.12.20"]
[Round "1"]
[White "Tabatabaei, M.Amin"]
[Black "Jakovenko, Dmitry"]
[Result "1/2-1/2"]
[WhiteElo "2482"]
[BlackElo "2737"]
[PlyCount "72"]
[EventDate "2015.12.20"]

1. d4 Nf6 2. c4 e6 3. Nf3 b6 4. a3 Bb7 5. Nc3 d5 6. cxd5 Nxd5 7. Qc2 Nxc3 8.
bxc3 Be7 9. e4 O-O 10. Bd3 c5 11. O-O Qc7 12. Qe2 Nc6 13. e5 Na5 14. Ng5 g6 15.
Qg4 Nb3 16. Qh3 Bxg5 17. Bxg5 f5 18. exf6 Nxa1 19. Qxe6+ Qf7 20. Bc4 Rad8 21.
Qxf7+ Rxf7 22. Bxf7+ Kxf7 23. Rxa1 cxd4 24. Re1 Re8 25. Rxe8 Kxe8 26. cxd4 Kf7
27. h3 b5 28. g4 h5 29. Kh2 a5 30. Bd2 b4 31. Bxb4 axb4 32. axb4 hxg4 33. hxg4
Kxf6 34. f4 g5 35. Kg3 Bc6 36. fxg5+ Kxg5 1/2-1/2

[Event "Qatar Masters Open 2015"]
[Site "Doha QAT"]
[Date "2015.12.20"]
[Round "1"]
[White "Yu, Yangyi"]
[Black "Neelotpal, Das"]
[Result "1-0"]
[WhiteElo "2736"]
[BlackElo "2475"]
[PlyCount "61"]
[EventDate "2015.12.20"]

1. e4 e5 2. Nf3 Nc6 3. Bb5 a6 4. Ba4 Nf6 5. O-O Be7 6. d3 b5 7. Bb3 O-O 8. Nc3
d6 9. a3 Na5 10. Ba2 c5 11. Nd5 Nc6 12. c3 h6 13. Be3 Be6 14. Nxf6+ Bxf6 15.
Bxe6 fxe6 16. b4 cxb4 17. axb4 Qd7 18. Nd2 a5 19. bxa5 Rxa5 20. Qg4 Kh7 21.
Rxa5 Nxa5 22. h4 Nc6 23. Ra1 Rc8 24. h5 Qf7 25. Ra6 Qe8 26. Rb6 Nd8 27. c4 bxc4
28. Nxc4 Rc6 29. Nxd6 Qd7 30. Qg6+ Kg8 31. Ne8 1-0

[Event "Qatar Masters Open 2015"]
[Site "Doha QAT"]
[Date "2015.12.20"]
[Round "1"]
[White "Gagare, Shardul"]
[Black "Wei, Yi"]
[Result "1-0"]
[WhiteElo "2470"]
[BlackElo "2730"]
[PlyCount "105"]
[EventDate "2015.12.20"]

1. d4 Nf6 2. c4 e6 3. Nf3 c5 4. d5 b5 5. Nc3 b4 6. Na4 Bb7 7. Bg5 h6 8. Bxf6
Qxf6 9. e4 d6 10. a3 Nd7 11. axb4 cxb4 12. Qd2 Rb8 13. Be2 Be7 14. O-O O-O 15.
Nd4 Rfc8 16. b3 Bf8 17. Rae1 Re8 18. Bd1 g6 19. Nc2 a5 20. Nd4 h5 21. g3 Rbc8
22. f4 e5 23. Nb5 exf4 24. gxf4 Ba6 25. Na7 Rc7 26. Nc6 Bh6 27. Qf2 Bc8 28. Kh1
Qg7 29. Qg3 Bb7 30. Nxa5 Ba8 31. Bf3 Kh8 32. Bg2 Qd4 33. Rd1 Qa7 34. Nc6 Bxc6
35. dxc6 Rxc6 36. e5 Ra6 37. exd6 Re3 38. Qf2 Rxb3 39. Qxa7 Rxa7 40. Bc6 Nb8
41. Bb5 Ra3 42. Rfe1 Kg7 43. Re8 Rb7 44. Re7 Rxb5 45. cxb5 Rxa4 46. Rb7 Ra8 47.
d7 Nxd7 48. Rbxd7 Rb8 49. R7d5 Kf6 50. R1d4 Bf8 51. Rd8 Bc5 52. Rxb8 Bxd4 53.
Rd8 1-0

[Event "Qatar Masters Open 2015"]
[Site "Doha QAT"]
[Date "2015.12.20"]
[Round "1"]
[White "Vitiugov, Nikita"]
[Black "Xu, Yinglun"]
[Result "0-1"]
[WhiteElo "2724"]
[BlackElo "2470"]
[PlyCount "120"]
[EventDate "2015.12.20"]

1. e4 c5 2. Nf3 d6 3. d4 cxd4 4. Nxd4 Nf6 5. Nc3 a6 6. Be3 e6 7. a4 Nc6 8. f4
Be7 9. Be2 Qc7 10. O-O O-O 11. Kh1 Re8 12. Bd3 Bd7 13. Nb3 Nb4 14. a5 e5 15.
Bb6 Qc8 16. Nd2 exf4 17. Rxf4 Be6 18. Bd4 Nc6 19. Bg1 Ne5 20. Be2 d5 21. Rxf6
Bxf6 22. exd5 Bg4 23. Nde4 Be7 24. Bxg4 Qxg4 25. Qxg4 Nxg4 26. d6 Bf8 27. Bb6
f5 28. d7 Red8 29. Bxd8 Rxd8 30. Nd2 Bb4 31. Nc4 Bxc3 32. bxc3 Rxd7 33. Re1
Nf2+ 34. Kg1 Ne4 35. Ne3 g6 36. c4 Nc3 37. Nd5 Nxd5 38. cxd5 Rxd5 39. Re8+ Kf7
40. Rh8 Kg7 41. Rb8 Rd7 42. Kf2 Rc7 43. Ke3 Rxc2 44. Rxb7+ Kh6 45. Kf3 Rc3+ 46.
Kf4 Ra3 47. g3 Rxa5 48. h4 Ra3 49. Ra7 a5 50. Rb7 Ra1 51. Kf3 a4 52. Ra7 a3 53.
Kg2 a2 54. Kh2 g5 55. Ra6+ Kh5 56. hxg5 Kxg5 57. Ra7 h5 58. Ra4 h4 59. gxh4+
Kh5 60. Kh3 Rh1+ 0-1

[Event "Qatar Masters Open 2015"]
[Site "Doha QAT"]
[Date "2015.12.20"]
[Round "1"]
[White "Krush, Irina"]
[Black "Wojtaszek, Radoslaw"]
[Result "0-1"]
[WhiteElo "2468"]
[BlackElo "2723"]
[PlyCount "124"]
[EventDate "2015.12.20"]

1. d4 Nf6 2. c4 e6 3. Nc3 Bb4 4. e3 O-O 5. Bd3 c5 6. Nf3 d5 7. cxd5 exd5 8.
dxc5 Nbd7 9. Bd2 Nxc5 10. Be2 Ne6 11. O-O a6 12. Qb3 Be7 13. Rfd1 b5 14. Be1
Bb7 15. a3 Rc8 16. Nd4 Qb6 17. Bf3 Ng5 18. Nce2 Rc4 19. Nf4 Nxf3+ 20. Nxf3 Bd6
21. Bb4 Rfc8 22. Bxd6 Qxd6 23. Nd4 Ne4 24. Qd3 g6 25. Qe2 Qf6 26. Nd3 R8c7 27.
Qf3 Qe7 28. Qf4 Ng5 29. Qe5 Ne6 30. Nxe6 Qxe6 31. Qxe6 fxe6 32. Rac1 Kg7 33.
Kf1 Kf6 34. Ke2 e5 35. Kd2 d4 36. exd4 exd4 37. f3 a5 38. b4 axb4 39. axb4 Bc8
40. g4 Be6 41. Nc5 Bd5 42. Kd3 Rxb4 43. Ne4+ Bxe4+ 44. Kxe4 Rc3 45. Ra1 Re3+
46. Kf4 g5+ 47. Kg3 d3 48. Rd2 Rf4 49. Rf2 b4 50. h4 h6 51. Ra8 Rd4 52. hxg5+
hxg5 53. Rd2 Re5 54. Rb8 Ke6 55. Kf2 Kd5 56. Ra2 Kc4 57. Rc8+ Rc5 58. Rxc5+
Kxc5 59. Ke1 b3 60. Ra1 Kb4 61. Kd2 b2 62. Ra8 Kb3 0-1

[Event "Qatar Masters Open 2015"]
[Site "Doha QAT"]
[Date "2015.12.20"]
[Round "1"]
[White "Korobov, Anton"]
[Black "Moroni, Luca Jr"]
[Result "1-0"]
[WhiteElo "2713"]
[BlackElo "2466"]
[PlyCount "99"]
[EventDate "2015.12.20"]

1. d4 e6 2. c4 Bb4+ 3. Bd2 Bxd2+ 4. Qxd2 Nf6 5. Nc3 d5 6. e3 O-O 7. Rc1 Qe7 8.
Nf3 Rd8 9. Qc2 dxc4 10. Bxc4 c5 11. O-O cxd4 12. Nxd4 b6 13. Be2 Bb7 14. Qa4
Nbd7 15. Nc6 Bxc6 16. Qxc6 Nc5 17. Rfd1 Rac8 18. Qf3 Rxd1+ 19. Rxd1 h6 20. Bf1
g6 21. a3 Kg7 22. b4 Ncd7 23. Nb5 Ne5 24. Qg3 Nc6 25. Rc1 e5 26. Qh3 Qd8 27. g3
a6 28. Nc3 b5 29. Rd1 Qc7 30. Nd5 Nxd5 31. Rxd5 Rd8 32. Rc5 Qd6 33. Qh4 Ne7 34.
Qe4 Nd5 35. h3 f5 36. Qc2 Qe6 37. Qb2 Kf6 38. Qc1 g5 39. Be2 Nb6 40. g4 f4 41.
Qc2 Kg7 42. Qe4 fxe3 43. fxe3 Rd2 44. Bd3 Rd1+ 45. Kg2 Rd2+ 46. Kg3 Qd6 47. Rc6
Qxd3 48. Qxe5+ Kg8 49. Qe6+ Kf8 50. Rxb6 1-0

[Event "Qatar Masters Open 2015"]
[Site "Doha QAT"]
[Date "2015.12.20"]
[Round "1"]
[White "Ma, Zhonghan"]
[Black "Ivanchuk, Vassily"]
[Result "1/2-1/2"]
[WhiteElo "2463"]
[BlackElo "2710"]
[PlyCount "74"]
[EventDate "2015.12.20"]

1. d4 Nf6 2. c4 e6 3. Nf3 d5 4. Nc3 Be7 5. Bg5 h6 6. Bh4 O-O 7. e3 b6 8. Rc1
Bb7 9. Bd3 dxc4 10. Bxc4 Nbd7 11. O-O c5 12. Qe2 a6 13. a4 cxd4 14. Nxd4 Nc5
15. Nb3 Nxb3 16. Bxb3 Nd7 17. Bg3 Bh4 18. Bd6 Nc5 19. Bxf8 Nxb3 20. Rcd1 Qxf8
21. Qc4 Bf6 22. Qxb3 Qc5 23. Qc2 b5 24. axb5 axb5 25. Qd3 Qc6 26. f3 b4 27. Ne4
Bxb2 28. Qb3 Ba3 29. Rd4 Qb6 30. Nd6 Bd5 31. Nc4 Qc5 32. Qd3 Rc8 33. Nxa3 bxa3
34. Ra4 a2 35. Ra1 e5 36. R4xa2 Bxa2 37. Rxa2 Qc4 1/2-1/2

[Event "Qatar Masters Open 2015"]
[Site "Doha QAT"]
[Date "2015.12.20"]
[Round "1"]
[White "Ponomariov, Ruslan"]
[Black "Ly, Moulthun"]
[Result "1-0"]
[WhiteElo "2710"]
[BlackElo "2462"]
[PlyCount "83"]
[EventDate "2015.12.20"]

1. e4 c5 2. Nf3 e6 3. d4 cxd4 4. Nxd4 Nc6 5. Nc3 Qc7 6. Be3 a6 7. Qf3 d6 8.
O-O-O Bd7 9. Qg3 Nxd4 10. Bxd4 Ne7 11. f4 b5 12. Bd3 Nc6 13. Be3 g6 14. Kb1 Bg7
15. Ne2 Rc8 16. Qe1 Na5 17. Bd4 Bxd4 18. Nxd4 e5 19. Nf3 f6 20. f5 O-O 21. g4
Nb7 22. g5 Nc5 23. Rg1 Be8 24. h4 fxg5 25. Nxg5 Kh8 26. Qd2 Qe7 27. Be2 Rf6 28.
Bg4 Bd7 29. fxg6 Bxg4 30. Rxg4 Rxg6 31. Qd5 Rf8 32. b3 Rgf6 33. Rdg1 Rf1+ 34.
Rxf1 Rxf1+ 35. Kb2 Rf8 36. Rg3 b4 37. h5 Nd7 38. h6 Nf6 39. Qc4 a5 40. Rf3 Qe8
41. Qc7 Qg6 42. Rxf6 1-0

[Event "Qatar Masters Open 2015"]
[Site "Doha QAT"]
[Date "2015.12.21"]
[Round "2"]
[White "Kramnik, Vladimir"]
[Black "Piorun, Kacper"]
[Result "1/2-1/2"]
[WhiteElo "2796"]
[BlackElo "2637"]
[PlyCount "154"]
[EventDate "2015.12.20"]

1. Nf3 d5 2. g3 g6 3. Bg2 Bg7 4. d4 Nf6 5. O-O O-O 6. c3 Nbd7 7. a4 a5 8. Re1
Re8 9. Na3 e5 10. dxe5 Nxe5 11. Nxe5 Rxe5 12. Bf4 Re7 13. e4 Bg4 14. Qb3 c6 15.
exd5 Nxd5 16. Bxd5 Qxd5 17. Qxd5 Rxe1+ 18. Rxe1 cxd5 19. Nb5 Bd7 20. Nc7 Rd8
21. Bg5 f6 22. Be3 Bxa4 23. Ra1 b5 24. Ne6 Ra8 25. Ra3 Kf7 26. Nxg7 Bc2 27. Bh6
g5 28. Ra1 Kg6 29. Ne6 Kxh6 30. Nd4 Bg6 31. Nxb5 Rb8 32. Rxa5 Bd3 33. Nd6 Rxb2
34. Rxd5 Be2 35. Nf5+ Kg6 36. Nd4 Ba6 37. Rd8 Rb1+ 38. Kg2 Bb7+ 39. f3 h5 40.
h3 Rb2+ 41. Kg1 Rd2 42. Rg8+ Kf7 43. Rb8 Bd5 44. Rb5 Ba2 45. h4 gxh4 46. gxh4
Kg6 47. Rc5 Bf7 48. f4 Ra2 49. f5+ Kg7 50. Rc7 Kf8 51. Rc8+ Ke7 52. Rc7+ Kf8
53. c4 Rd2 54. Rc8+ Be8 55. Rd8 Rd1+ 56. Kf2 Rc1 57. Rc8 Ke7 58. Ke3 Bd7 59.
Rc5 Rh1 60. Ra5 Rh3+ 61. Ke4 Rxh4+ 62. Kd5 Rh1 63. Nc6+ Kf7 64. Ra7 Rd1+ 65.
Nd4 Ke8 66. Ra8+ Ke7 67. c5 Bxf5 68. Ra7+ Ke8 69. Ra8+ Kf7 70. c6 h4 71. c7 h3
72. Rh8 Kg7 73. Rh4 Bc8 74. Kc5 Rc1+ 75. Kd6 Rd1 76. Kc5 Bd7 77. Kd6 Bc8
1/2-1/2

[Event "Qatar Masters Open 2015"]
[Site "Doha QAT"]
[Date "2015.12.21"]
[Round "2"]
[White "Grandelius, Nils"]
[Black "Giri, Anish"]
[Result "0-1"]
[WhiteElo "2632"]
[BlackElo "2784"]
[PlyCount "80"]
[EventDate "2015.12.20"]

1. e4 c5 2. Nf3 d6 3. d4 cxd4 4. Nxd4 Nf6 5. Nc3 a6 6. h3 e5 7. Nb3 Be6 8. f4
Be7 9. f5 Bd7 10. Be3 b5 11. Qf3 b4 12. Nd5 Nxd5 13. exd5 Bg5 14. Bxg5 Qxg5 15.
Bd3 Bb5 16. h4 Qd8 17. g4 Nd7 18. g5 h6 19. Rg1 hxg5 20. hxg5 Bxd3 21. Qxd3 Rh5
22. Qg3 Qc7 23. O-O-O Rc8 24. Rd2 a5 25. Kb1 a4 26. Nc1 Qc4 27. Qf3 Rh4 28. f6
g6 29. Rh1 Nc5 30. Rdh2 Ne4 31. Qd1 Rxh2 32. Rxh2 Kd7 33. Qg1 Qxd5 34. Qa7+ Ke6
35. Qg1 Kd7 36. Qa7+ Ke6 37. Qg1 Qc4 38. Re2 b3 39. axb3 axb3 40. cxb3 Qxe2 0-1

[Event "Qatar Masters Open 2015"]
[Site "Doha QAT"]
[Date "2015.12.21"]
[Round "2"]
[White "So, Wesley"]
[Black "Naroditsky, Daniel"]
[Result "1-0"]
[WhiteElo "2775"]
[BlackElo "2628"]
[PlyCount "139"]
[EventDate "2015.12.20"]

1. Nf3 d5 2. d4 Nf6 3. c4 e6 4. g3 Bb4+ 5. Bd2 Bd6 6. Bg2 c6 7. O-O Nbd7 8. b3
Ne4 9. Bc1 O-O 10. Qc2 f5 11. Ba3 Bxa3 12. Nxa3 Qe7 13. Qb2 b6 14. e3 Bb7 15.
Rac1 Rfc8 16. cxd5 cxd5 17. Rxc8+ Rxc8 18. Rc1 Qf8 19. Nb5 a6 20. Nc3 Qd6 21.
Bf1 b5 22. a3 Rc6 23. Na2 Rxc1 24. Nxc1 Qc7 25. Nd3 Bc8 26. Nfe5 Nxe5 27. Nxe5
Kf8 28. f3 Qc3 29. Qxc3 Nxc3 30. Bd3 Ke7 31. Kf2 Kd6 32. g4 a5 33. h4 b4 34.
axb4 axb4 35. Bc2 Ba6 36. gxf5 exf5 37. Bxf5 Nd1+ 38. Ke1 Nxe3 39. Bxh7 Ng2+
40. Kf2 Nf4 41. Ke3 Ng2+ 42. Kf2 Nf4 43. Bc2 Bb5 44. Ke3 Ng2+ 45. Kf2 Nf4 46.
Ng4 Ke6 47. Bd1 Nd3+ 48. Ke3 Ne1 49. Kf4 Ng2+ 50. Kg3 Ne1 51. Ne3 g6 52. f4 Ba6
53. Bg4+ Kd6 54. f5 gxf5 55. Nxf5+ Ke6 56. Ne3+ Kf7 57. Nxd5 Nc2 58. Nc7 Bd3
59. Ne6 Ne3 60. Nc5 Bc2 61. Kf4 Ng2+ 62. Kg5 Ne3 63. Kf4 Ng2+ 64. Kg5 Ne3 65.
Be6+ Ke7 66. h5 Bh7 67. h6 Nc2 68. Bf5 Bxf5 69. Kxf5 Nxd4+ 70. Ke4 1-0

[Event "Qatar Masters Open 2015"]
[Site "Doha QAT"]
[Date "2015.12.21"]
[Round "2"]
[White "Salem, A.R. Saleh"]
[Black "Karjakin, Sergey"]
[Result "1/2-1/2"]
[WhiteElo "2622"]
[BlackElo "2766"]
[PlyCount "114"]
[EventDate "2015.12.20"]

1. e4 e5 2. Nf3 Nc6 3. Bb5 Nf6 4. d3 Bc5 5. c3 O-O 6. O-O d6 7. Bg5 h6 8. Bh4
g5 9. Bg3 Nh5 10. Nbd2 Qf6 11. Kh1 Qg6 12. Bc4 a6 13. b4 Ba7 14. a4 Kg7 15. b5
Nxg3+ 16. fxg3 Na5 17. Ba2 f5 18. Qe2 Bd7 19. bxa6 bxa6 20. exf5 Qh5 21. d4
Bxf5 22. dxe5 Qg6 23. Bb1 Nc6 24. exd6 cxd6 25. g4 Bxb1 26. Raxb1 Bc5 27. Rb7+
Kh8 28. h3 Rfe8 29. Qc4 Na5 30. Qf7 Qxf7 31. Rxf7 Re2 32. Rb1 Kg8 33. Rc7 Rae8
34. Nf1 R2e7 35. Rxe7 Rxe7 36. Ng3 Rb7 37. Rd1 Nc4 38. Nd4 Ne3 39. Re1 Nd5 40.
Ngf5 Nxc3 41. Re6 Rb4 42. Nxh6+ Kf8 43. Nf3 Ne4 44. Nf5 Rxa4 45. Kh2 a5 46. h4
gxh4 47. g5 Bf2 48. Kh3 Bg3 49. Nxg3 hxg3 50. Rh6 Kg7 51. Kg4 Nf6+ 52. Kxg3
Rg4+ 53. Kh3 Rxg5 54. Nxg5 Kxh6 55. Nf7+ Kg6 56. Nxd6 a4 57. Nb5 Kf5 1/2-1/2

[Event "Qatar Masters Open 2015"]
[Site "Doha QAT"]
[Date "2015.12.21"]
[Round "2"]
[White "Li, Chao b"]
[Black "Ipatov, Alexander"]
[Result "1-0"]
[WhiteElo "2750"]
[BlackElo "2619"]
[PlyCount "135"]
[EventDate "2015.12.20"]

1. Nf3 Nf6 2. c4 g6 3. Nc3 d5 4. cxd5 Nxd5 5. d4 Bg7 6. e3 O-O 7. Bc4 Nb6 8.
Bb3 c5 9. O-O cxd4 10. exd4 Bg4 11. d5 N8d7 12. h3 Bxf3 13. Qxf3 Nc5 14. Rd1
Nxb3 15. axb3 Nc8 16. Be3 a6 17. b4 Nd6 18. Na4 Nc4 19. Bd4 Bxd4 20. Rxd4 b5
21. Nc5 a5 22. Qf4 axb4 23. Rad1 Nd6 24. Rxb4 Qc8 25. Ne4 Nxe4 26. Rxe4 Qc2 27.
Rde1 Rad8 28. Rd4 Qxb2 29. Rxe7 b4 30. Kh2 b3 31. Rb7 Qc2 32. Rd2 Qc5 33. Qe5
Rde8 34. Qb2 Qd6+ 35. g3 h5 36. Rxb3 Rb8 37. Qa3 Qxa3 38. Rxa3 Rfd8 39. Kg2 Rb5
40. Rad3 Kg7 41. Kf3 Kf6 42. Ke4 Ra8 43. h4 Ke7 44. Kf4 Kf6 45. Rd4 Rd8 46. f3
Rg8 47. Rc2 Rd8 48. Rc6+ Ke7 49. Ke5 Rd7 50. g4 hxg4 51. fxg4 Ra5 52. Rc8 Rb5
53. Ra8 Rc5 54. Rh8 Rc1 55. Rd3 Re1+ 56. Kf4 Kf6 57. Rc8 Rf1+ 58. Ke4 Rg1 59.
d6 Rxg4+ 60. Kd5 Ra4 61. Rf3+ Kg7 62. Rc7 Ra5+ 63. Kc6 Rd8 64. Rfxf7+ Kg8 65.
Rg7+ Kh8 66. Rh7+ Kg8 67. Rcg7+ Kf8 68. Ra7 1-0

[Event "Qatar Masters Open 2015"]
[Site "Doha QAT"]
[Date "2015.12.21"]
[Round "2"]
[White "Zhang, Zhong"]
[Black "Mamedyarov, Shakhriyar"]
[Result "1/2-1/2"]
[WhiteElo "2619"]
[BlackElo "2748"]
[PlyCount "32"]
[EventDate "2015.12.20"]

1. e4 e5 2. Nf3 Nc6 3. d4 exd4 4. Nxd4 Bc5 5. Be3 Qf6 6. c3 b6 7. Qd2 Bb7 8.
Be2 Qg6 9. O-O O-O-O 10. b4 Bxd4 11. cxd4 Qxe4 12. Nc3 Qf5 13. Bd3 Qh5 14. Be2
Qf5 15. Bd3 Qh5 16. Be2 Qf5 1/2-1/2

[Event "Qatar Masters Open 2015"]
[Site "Doha QAT"]
[Date "2015.12.21"]
[Round "2"]
[White "Tomashevsky, Evgeny"]
[Black "Bluebaum, Matthias"]
[Result "1/2-1/2"]
[WhiteElo "2744"]
[BlackElo "2590"]
[PlyCount "49"]
[EventDate "2015.12.20"]

1. d4 Nf6 2. c4 e6 3. Nc3 Bb4 4. e3 O-O 5. Bd3 d5 6. Nf3 b6 7. O-O Ba6 8. cxd5
exd5 9. Bxa6 Nxa6 10. Qe2 Qc8 11. Bd2 Re8 12. Rac1 Bf8 13. Rfd1 Qb7 14. Be1 c5
15. dxc5 bxc5 16. Qb5 Qc8 17. Qa5 Qb7 18. Qb5 Qc8 19. Na4 Rb8 20. Qa5 Qb7 21.
b3 Ne4 22. Nd2 Nf6 23. Nf3 Ne4 24. Nd2 Nf6 25. Nf3 1/2-1/2

[Event "Qatar Masters Open 2015"]
[Site "Doha QAT"]
[Date "2015.12.21"]
[Round "2"]
[White "Bok, Benjamin"]
[Black "Yu, Yangyi"]
[Result "0-1"]
[WhiteElo "2594"]
[BlackElo "2736"]
[PlyCount "104"]
[EventDate "2015.12.20"]

1. e4 c5 2. Nf3 Nc6 3. d4 cxd4 4. Nxd4 Nf6 5. Nc3 e5 6. Ndb5 d6 7. Bg5 a6 8.
Na3 b5 9. Nd5 Be7 10. Bxf6 Bxf6 11. c3 Bg5 12. Nc2 Rb8 13. a4 bxa4 14. Ncb4
Nxb4 15. cxb4 O-O 16. Rxa4 a5 17. h4 Bh6 18. b5 Kh8 19. Be2 Be6 20. b3 g6 21.
h5 Kg7 22. O-O Rc8 23. Rc4 Rxc4 24. bxc4 Qc8 25. Qa4 Bxd5 26. cxd5 Qc7 27. Rb1
Rb8 28. Qa2 Bg5 29. g3 Qc5 30. Kg2 Bd8 31. Qd2 Bb6 32. Bg4 Qc4 33. h6+ Kf8 34.
Qe1 f5 35. Rc1 Qxe4+ 36. Qxe4 fxe4 37. Rc4 Bc5 38. Rxe4 Rxb5 39. f4 Rb2+ 40.
Kh3 Rb4 41. Rxb4 axb4 42. Bd1 exf4 43. gxf4 Kf7 44. Kg4 Kf6 45. Bc2 Bb6 46. f5
g5 47. Ba4 Bd8 48. Bb3 Be7 49. Bc2 Ke5 50. f6 Kxf6 51. Bxh7 Bf8 52. Kf3 Ke5 0-1

[Event "Qatar Masters Open 2015"]
[Site "Doha QAT"]
[Date "2015.12.21"]
[Round "2"]
[White "Wojtaszek, Radoslaw"]
[Black "Lin, Chen"]
[Result "1-0"]
[WhiteElo "2723"]
[BlackElo "2532"]
[PlyCount "99"]
[EventDate "2015.12.20"]

1. d4 d5 2. c4 c6 3. Nf3 Nf6 4. Nc3 a6 5. a4 e6 6. g3 a5 7. Bg2 Be7 8. O-O O-O
9. Ne5 Nfd7 10. Nxd7 Nxd7 11. b3 b6 12. cxd5 cxd5 13. Nb5 Ba6 14. Bf4 Bxb5 15.
axb5 Bg5 16. Qd2 Bxf4 17. Qxf4 Qe7 18. Qd2 Rac8 19. Rfc1 g6 20. e3 Nb8 21. Bf1
Qd7 22. b4 axb4 23. Qxb4 Rc7 24. Rxc7 Qxc7 25. Ra4 Nd7 26. Qa3 Rb8 27. Qe7 Qd8
28. Qxd8+ Rxd8 29. Ra7 Kf8 30. f3 Ke7 31. e4 Rc8 32. exd5 exd5 33. Kf2 Rc2+ 34.
Be2 Rc3 35. h4 f5 36. g4 fxg4 37. fxg4 Rh3 38. Bf3 Kd6 39. h5 Rh2+ 40. Bg2 gxh5
41. Kg3 Rxg2+ 42. Kxg2 hxg4 43. Rb7 h5 44. Kg3 Ke6 45. Rc7 Nf6 46. Rc6+ Kf5 47.
Rxb6 Ne4+ 48. Kg2 h4 49. Rh6 h3+ 50. Kh2 1-0

[Event "Qatar Masters Open 2015"]
[Site "Doha QAT"]
[Date "2015.12.21"]
[Round "2"]
[White "Rambaldi, Francesco"]
[Black "Korobov, Anton"]
[Result "1/2-1/2"]
[WhiteElo "2560"]
[BlackElo "2713"]
[PlyCount "100"]
[EventDate "2015.12.20"]

1. d4 Nf6 2. c4 g6 3. g3 Bg7 4. Bg2 O-O 5. Nf3 d6 6. O-O Nc6 7. Nc3 a6 8. h3
Rb8 9. e4 b5 10. d5 b4 11. Ne2 Na5 12. Qc2 c6 13. Ned4 Bd7 14. Qe2 cxd5 15.
cxd5 Qc8 16. Bd2 Bxh3 17. a3 Bxg2 18. Kxg2 Qc4 19. Rfe1 Nxd5 20. axb4 Bxd4 21.
exd5 Qxe2 22. Rxe2 Nb3 23. Rxa6 Bxb2 24. Bh6 Bg7 25. Bxg7 Kxg7 26. Rxe7 Rxb4
27. Rxd6 Nd4 28. Re4 Nf5 29. Rxg6+ hxg6 30. Rxb4 Rd8 31. g4 Ne7 32. Rb7 Kf8 33.
Ng5 Rxd5 34. Nh7+ Kg7 35. Rxe7 Kxh7 36. Rxf7+ Kh6 37. Kf3 Ra5 38. Kg3 g5 39.
Rf6+ Kg7 40. Rd6 Ra3+ 41. Kg2 Kf7 42. Kf1 Ra4 43. f3 Ra2 44. Ke1 Rb2 45. Rd2
Rb8 46. Rd5 Kf6 47. Ke2 Rb3 48. Rd3 Rb8 49. Rc3 Re8+ 50. Re3 Ra8 1/2-1/2

[Event "Qatar Masters Open 2015"]
[Site "Doha QAT"]
[Date "2015.12.21"]
[Round "2"]
[White "Kosteniuk, Alexandra"]
[Black "Ponomariov, Ruslan"]
[Result "1/2-1/2"]
[WhiteElo "2542"]
[BlackElo "2710"]
[PlyCount "58"]
[EventDate "2015.12.20"]

1. e4 e5 2. Nf3 Nc6 3. Bb5 g6 4. O-O Bg7 5. c3 a6 6. Ba4 d6 7. d4 Bd7 8. Re1
Nf6 9. Bxc6 Bxc6 10. dxe5 Nxe4 11. exd6 Qxd6 12. Qxd6 cxd6 13. Nbd2 d5 14. Nb3
O-O 15. Bf4 Rfe8 16. Nfd4 Bxd4 17. Nxd4 Nc5 18. Bd6 Nd3 19. Rxe8+ Rxe8 20. b3
f6 21. Kf1 Kf7 22. Rd1 Ne5 23. a4 Bd7 24. h3 Nc6 25. f3 Rc8 26. Re1 Re8 27. Rd1
Rc8 28. Re1 Re8 29. Rd1 Rc8 1/2-1/2

[Event "Qatar Masters Open 2015"]
[Site "Doha QAT"]
[Date "2015.12.21"]
[Round "2"]
[White "Aravindh, Chithambaram VR"]
[Black "Carlsen, Magnus"]
[Result "0-1"]
[WhiteElo "2486"]
[BlackElo "2834"]
[PlyCount "74"]
[EventDate "2015.12.20"]

1. e4 c5 2. b3 g6 3. Bb2 Nf6 4. e5 Nd5 5. e6 f6 6. exd7+ Qxd7 7. Nc3 Nc6 8. Bb5
Nc7 9. Bxc6 Qxc6 10. Qf3 Bd7 11. O-O-O e5 12. Qxc6 Bxc6 13. f3 Ne6 14. Nge2 Be7
15. Rhf1 b5 16. Rde1 Kf7 17. Nd1 a5 18. Ne3 Bd6 19. Nc3 h5 20. a4 b4 21. Ne4
Bc7 22. Nc4 h4 23. g4 hxg3 24. hxg3 Rh3 25. g4 Rd8 26. g5 Bxe4 27. fxe4 Nf4 28.
gxf6 Ke6 29. Ne3 g5 30. Nd5 Bd6 31. Rg1 Rg8 32. Rg4 Rh4 33. Rgg1 g4 34. Ne3 g3
35. Nf5 Rhh8 36. f7 Rg6 37. Kd1 g2 0-1

[Event "Qatar Masters Open 2015"]
[Site "Doha QAT"]
[Date "2015.12.21"]
[Round "2"]
[White "Batsiashvili, Nino"]
[Black "Harikrishna, Pentala"]
[Result "0-1"]
[WhiteElo "2498"]
[BlackElo "2743"]
[PlyCount "54"]
[EventDate "2015.12.20"]

1. d4 Nc6 2. c4 e5 3. d5 Nce7 4. Nc3 Ng6 5. a3 f5 6. e4 fxe4 7. Nxe4 Nf6 8. Bg5
d6 9. Bd3 Be7 10. Bxf6 gxf6 11. Ng3 Nf4 12. Bf5 Bxf5 13. Nxf5 Qd7 14. Nxe7
Nxg2+ 15. Kf1 Nf4 16. Rc1 Kxe7 17. Rc3 Rag8 18. Ne2 Nxe2 19. Qxe2 h5 20. Ke1
Qf5 21. Kd2 Rg4 22. Kc1 Rhg8 23. Rf1 b6 24. h3 Rf4 25. Qe3 Rg2 26. Rc2 Rf3 27.
Qh6 Qg5+ 0-1

[Event "Qatar Masters Open 2015"]
[Site "Doha QAT"]
[Date "2015.12.21"]
[Round "2"]
[White "Jakovenko, Dmitry"]
[Black "Ma, Zhonghan"]
[Result "1-0"]
[WhiteElo "2737"]
[BlackElo "2463"]
[PlyCount "97"]
[EventDate "2015.12.20"]

1. d4 d5 2. c4 c6 3. Nf3 Nf6 4. Nc3 dxc4 5. a4 Bf5 6. Ne5 e6 7. f3 c5 8. e4 Bg6
9. Be3 cxd4 10. Qxd4 Qxd4 11. Bxd4 Nfd7 12. Nxd7 Nxd7 13. Bxc4 a6 14. Rc1 Rg8
15. h4 h6 16. Kf2 Bd6 17. h5 Bh7 18. Nd1 Rc8 19. Ne3 Ke7 20. Be2 Be5 21. Bxe5
Nxe5 22. b4 f6 23. a5 Rgd8 24. Rxc8 Rxc8 25. Rb1 Nc6 26. Nc4 f5 27. Bd3 fxe4
28. fxe4 Bg8 29. b5 axb5 30. Rxb5 Rc7 31. e5 Bf7 32. Be4 Be8 33. Rc5 Kd7 34.
Nd6 Bxh5 35. Nxb7 Na7 36. Ke3 Rxc5 37. Nxc5+ Ke7 38. Kd4 Be8 39. Nb7 Kd7 40.
Nd6 Bh5 41. Kc5 Kc7 42. a6 Kb8 43. Kb6 g5 44. Bb7 Bg6 45. g4 Bd3 46. Nf7 Be2
47. Nd8 Bb5 48. Nxe6 Bd7 49. Nd4 1-0

[Event "Qatar Masters Open 2015"]
[Site "Doha QAT"]
[Date "2015.12.21"]
[Round "2"]
[White "Wei, Yi"]
[Black "Basso, Pier Luigi"]
[Result "1-0"]
[WhiteElo "2730"]
[BlackElo "2438"]
[PlyCount "89"]
[EventDate "2015.12.20"]

1. e4 c6 2. d4 d5 3. Nd2 dxe4 4. Nxe4 Bf5 5. Ng3 Bg6 6. h4 h6 7. Nf3 e6 8. Ne5
Bh7 9. Bd3 Bxd3 10. Qxd3 Nd7 11. f4 c5 12. Be3 Nxe5 13. fxe5 cxd4 14. O-O-O Qd5
15. Bxd4 Ne7 16. Ne2 Nf5 17. Nc3 Qd7 18. Bf2 Qxd3 19. Rxd3 a6 20. Ne4 h5 21.
Rhd1 Be7 22. g3 O-O 23. Bb6 Rfc8 24. Rd7 Rc4 25. Nd6 Bxd6 26. exd6 Rc6 27. Bf2
b5 28. b4 a5 29. Bc5 Rac8 30. a3 axb4 31. axb4 Nxg3 32. Rb7 Nf5 33. d7 Rd8 34.
Bb6 Rxb6 35. Rxb6 Kf8 36. Rxb5 Ke7 37. Rc5 g5 38. b5 gxh4 39. b6 Nd6 40. Rc7 h3
41. b7 h2 42. Rh1 f5 43. Rxh2 f4 44. Rxh5 Kf6 45. c4 1-0

[Event "Qatar Masters Open 2015"]
[Site "Doha QAT"]
[Date "2015.12.21"]
[Round "2"]
[White "Rohan, Ahuja"]
[Black "Vitiugov, Nikita"]
[Result "0-1"]
[WhiteElo "2426"]
[BlackElo "2724"]
[PlyCount "66"]
[EventDate "2015.12.20"]

1. Nf3 c5 2. c4 g6 3. g3 Bg7 4. Bg2 Nc6 5. Nc3 d6 6. O-O e6 7. e3 Nge7 8. b3
O-O 9. Bb2 Nf5 10. d4 cxd4 11. exd4 Nfxd4 12. Nxd4 Nxd4 13. Qd2 e5 14. Ne2 Nc6
15. Rad1 Qb6 16. Ba3 Bg4 17. Bxd6 Rfd8 18. c5 Qa6 19. Rfe1 Rac8 20. h3 Be6 21.
Rb1 b6 22. b4 Qxa2 23. Rb2 Qa3 24. Qc3 Qxc3 25. Nxc3 Nxb4 26. Rd2 bxc5 27. Nb5
a6 28. Nc3 Bf8 29. Bxf8 Rxd2 30. Bh6 Rd3 31. Ne4 c4 32. Nf6+ Kh8 33. Re4 Nd5
0-1